000 01298nam a22002415i 4500
001 54849
003 ES-MaACL
005 20250927063035.0
007 t|
008 940202m18631889sp ||||1| spa d
040 _aCAM
_bspa
100 1 _aGallardo, Bartolomé José,
_d1776-1852
_953478
245 1 0 _aEnsayo de una biblioteca española de libros raros y curiosos /
_cformado con los apuntamientos de Bartolomé Gallardo ; coordinados y aumentados por M.R. Zarco del Valle y J. Sancho Rayón.
260 _aMadrid :
_b[s.n.],
_c1863-1889 (
_fImprenta y esterotipia de M. Rivadeneyra)
300 _a4 v. ;
_c27 cm.
500 _aEn port.: "Obra premiada por la Biblioteca Nacional, por la Junta Pública del 5 de enero de 1862, é impresa á expensas del Gobierno"
505 8 _aContiene: v. 1. Abad de Ayala-Azpitarte, anónimos (1403 p.) -- v. 2. Babia-Fuentes. Apéndice: índice de los manuscritos de la Biblioteca Nacional (1104, 179 p.) -- v. 3. Galán-Pulgar (1280 p.) -- v. 4. Quesada-Zúñiga y Sotomayor. Suplemento. Últimas adiciones (1572 p.)
650 1 4 _aLibros raros-
_zEspaña-
_vBibliografías.
_914453
700 1 _aSancho Rayón, José.
_9103049
700 1 _aZarco del Valle, Manuel Remón.
_9118065
852 _aES-MaACL
_jB-2945-48
999 _c54849
_d54849